Estadísticas para 15 principales países con muertes de Covid-19 - 9 de febrero de 2022

Haz click aquí para intentar la prueba.

Estadísticas generales

  • Esta prueba ha sido intentada 4 veces
  • La puntuación promedio es 17 de 26

Estadísticas de respuestas

país% Correcto
Argentina
100%
Brasil
100%
Estados Unidos
100%
Francia
100%
Italia
100%
México
100%
Reino Unido
100%
Alemania
75%
India
75%
Perú
75%
Polonia
75%
Rusia
75%
Bulgaria
50%
Chequia
50%
Colombia
50%
Croacia
50%
Eslovaquia
50%
Eslovenia
50%
Hungría
50%
Indonesia
50%
Irán
50%
Macedonia del Norte
50%
Rumania
50%
Bosnia y Herzegovina
25%
Lituania
25%
Georgia
0%

Distribución de puntuación

Porcentaje por número respondido

Porcentaje de gente con cada puntuación

Historial de tus puntuaciones

No has intentado esta prueba.